| 000 | 00713nam a22002175i 4500 | ||
|---|---|---|---|
| 001 | 168629 | ||
| 003 | ES-MaACL | ||
| 005 | 20230906213834.0 | ||
| 008 | 080425s2007 sp |||| | spa d | ||
| 020 | _a978-84-7522-090-1 | ||
| 080 | _a792"19" | ||
| 100 | 1 |
_aSánchez Martínez, José Antonio. _9137693 |
|
| 245 | 1 | 0 |
_aPrácticas de lo real en la escena contemporánea / _cJosé A. Sánchez. |
| 260 |
_aMadrid : _bVisor Libros, _c[2007] |
||
| 300 |
_a325 p. : _bil. ; _c21 cm. |
||
| 490 | 1 |
_aBiblioteca filológica hispánica ; _v96 |
|
| 650 | 1 | 4 |
_aTeatro- _yS.XX. _917321 |
| 830 | 0 |
_aBiblioteca filológica hispánica ; _v96 _9179710 |
|
| 852 |
_aES-MaACL _jL-29370 _9R.142919 |
||
| 999 |
_c168629 _d168629 |
||